=LDR 00000nam 2200000 4500 =001 INLIS000000000003357 =005 20130612091651 =008 ***********************************Ind** =035 ##$$0010-061300000003357 =041 ##$$a Ind =082 ##$$a 028.5 =090 ##$$a 028.5, Haa p =100 ##$$a Haas, Dorothy =245 ##$$a Peanut buffer dan jelly 3 = Peanut dan Jilly selamanya / Dorothy Haas; alih bahasa Esther S Manjani. -- =260 ##$$a 1993 $b Jakarta : Binarupa Aksara =300 ##$$a 55 hlm. : ilus. ; 21 cm =650 ##$$a Bacaan kanak-kanak =700 ##$$a Manjani, Esther S =850 ##$$a NBPNMAT